[Event "Igor Kurnosov Mem Rapid"]
[Site "Chelyabinsk RUS"]
[Date "2016.05.27"]
[Round "9.9"]
[White "Shomoev, Anton"]
[Black "Sveshnikov, Evgeny"]
[Result "1-0"]
[WhiteTitle "GM"]
[BlackTitle "GM"]
[WhiteElo "2553"]
[BlackElo "2504"]
[WhiteFideId "4135148"]
[BlackFideId "4100638"]
[EventDate "2016.05.26"]

1. e4 c5 2. Nf3 Nc6 3. d4 cxd4 4. Nxd4 e5 5. Nb5 d6 6. N1c3 a6 7. Na3 b5 8. Nd5
Nce7 9. c4 Nxd5 10. exd5 bxc4 11. Nxc4 Nf6 12. Be3 Ng4 13. Bb6 Qf6 14. h3 Nh6
15. g4 Be7 16. Be3 Qh4 17. Bxh6 gxh6 18. Nb6 Rb8 19. Nxc8 Rxc8 20. Bxa6 Rb8 21.
Bb5+ Kf8 22. a4 h5 23. Qf3 Rg8 24. O-O-O hxg4 25. hxg4 Qxg4 26. Qxg4 Rxg4 27.
Rxh7 Bg5+ 28. Kb1 Ke7 29. Rd3 Bf6 30. Rc3 Rb7 31. Rc8 Bg7 32. Bc6 Rb3 33. Rc7+
Kf8 34. Rc8+ Ke7 35. Bb5 e4 36. Rc2 Rg2 37. Ka2 Rb4 38. Ka3 Rd4 39. Rh5 Kf6 40.
Be8 Kg6 41. Rh3 Be5 42. Bc6 Rg1 43. Kb3 f5 44. Rhc3 f4 45. Rc4 Rd3+ 46. Kb4 e3
47. fxe3 fxe3 48. Re2 Rb1 49. Rcc2 Bd4 50. Kc4 Rdd1 51. b4 Be5 52. Kb5 Bd4 53.
Ka5 Re1 54. Bb5 Rxe2 55. Bxe2 Kf6 56. b5 Ke5 57. Ka6 Kxd5 58. a5 Ke4 59. b6 d5
60. Rc8 Rb2 61. Re8+ Be5 62. Bb5 Rxb5 63. Kxb5 e2 64. b7 e1=Q 65. Rxe5+ Kxe5 66.
b8=Q+ Kd4 67. Qf4+ Kd3 68. a6 Qb1+ 69. Qb4 Qa2 70. Kb6 d4 71. a7 Qe6+ 72. Ka5
Qc8 73. Qb5+ Kc3 74. Qd5 Qc7+ 75. Ka6 Qc8+ 76. Kb6 d3 77. a8=Q Qxa8 78. Qxa8 d2
79. Qa4 1-0

[Event "Igor Kurnosov Mem Rapid"]
[Site "Chelyabinsk RUS"]
[Date "2016.05.27"]
[Round "9.10"]
[White "Ogloblin, Nikolay"]
[Black "Shcherbakov, Ruslan"]
[Result "0-1"]
[WhiteTitle "IM"]
[BlackTitle "GM"]
[WhiteElo "2346"]
[BlackElo "2492"]
[WhiteFideId "4139658"]
[BlackFideId "4102240"]
[EventDate "2016.05.26"]

1. d4 Nf6 2. Nf3 c5 3. d5 b5 4. Bg5 Qb6 5. a4 bxa4 6. Nc3 Qxb2 7. Bd2 Qb7 8. e4
d6 9. Rb1 Qc7 10. e5 dxe5 11. Nb5 Qd8 12. Nxe5 e6 13. Nc6 Nxc6 14. dxc6 a6 15.
Qf3 axb5 16. Bxb5 Qc7 17. Bf4 e5 18. Qe2 Bd6 19. Bg5 Nd5 20. Bd2 O-O 21. O-O Be6
22. Rfd1 a3 23. Qd3 Rfd8 24. Qf3 e4 25. Qxe4 a2 26. Ra1 Bxh2+ 27. Kh1 Be5 28.
Bd3 Nf6 0-1

[Event "Igor Kurnosov Mem Rapid"]
[Site "Chelyabinsk RUS"]
[Date "2016.05.28"]
[Round "10.1"]
[White "Smirnov, Pavel"]
[Black "Grischuk, Alexander"]
[Result "0-1"]
[WhiteTitle "GM"]
[BlackTitle "GM"]
[WhiteElo "2564"]
[BlackElo "2752"]
[WhiteFideId "4123425"]
[BlackFideId "4126025"]
[EventDate "2016.05.26"]

1. d4 Nf6 2. c4 e6 3. g3 c5 4. Nf3 cxd4 5. Nxd4 d5 6. Bg2 e5 7. Nf3 d4 8. O-O
Nc6 9. e3 Bc5 10. exd4 exd4 11. Nbd2 O-O 12. Nb3 Qb6 13. Bg5 Ne4 14. Bf4 Re8 15.
Re1 Bg4 16. h3 Bh5 17. g4 Bg6 18. Nh4 d3 19. Nxc5 Nxc5 20. Be3 Nb4 21. Nxg6 hxg6
22. Rb1 Rad8 23. a3 Nc2 24. b4 Rxe3 25. fxe3 Ne6 26. c5 Qb5 27. Qd2 Nxa3 28.
Rbd1 Nc2 29. Rf1 Nxb4 30. Qf2 Rd7 31. Rd2 Qxc5 32. h4 Qe5 33. Rc1 Rc7 34. Rf1 a5
35. g5 Nc5 36. h5 gxh5 37. g6 fxg6 38. Qf8+ Kh7 39. Qb8 Re7 40. Qc8 Re8 41. Qh3
Qxe3+ 42. Qxe3 Rxe3 43. Rf7 b6 44. Rdf2 Ne4 45. Bxe4 Rxe4 46. Rd7 a4 0-1

[Event "Igor Kurnosov Mem Rapid"]
[Site "Chelyabinsk RUS"]
[Date "2016.05.28"]
[Round "10.2"]
[White "Rublevsky, Sergei"]
[Black "Yudin, Sergei"]
[Result "1/2-1/2"]
[WhiteTitle "GM"]
[BlackTitle "GM"]
[WhiteElo "2692"]
[BlackElo "2530"]
[WhiteFideId "4115309"]
[BlackFideId "4159659"]
[EventDate "2016.05.26"]

1. e4 d6 2. d4 Nf6 3. Nc3 e5 4. dxe5 dxe5 5. Qxd8+ Kxd8 6. Bc4 Ke8 7. Nf3 Bd6 8.
Bg5 Nbd7 9. O-O-O a6 10. a3 h6 11. Bh4 b5 12. Ba2 Bb7 13. Nd2 Bc6 14. f3 a5 15.
Kb1 b4 16. axb4 axb4 17. Ne2 Bb5 18. Bc4 Bxc4 19. Nxc4 Ke7 20. Ne3 Ke6 21. Nf5
g6 22. Ne3 Ra6 23. Nc1 Rha8 24. Nb3 Nc5 25. Nc4 Nfd7 26. Bf2 Nxb3 27. cxb3 Ra1+
28. Kc2 Rxd1 29. Rxd1 f5 30. exf5+ gxf5 31. Re1 h5 32. Re2 Rg8 33. Be1 Rb8 34.
Bg3 Kd5 35. Rd2+ Ke6 36. Re2 Kd5 37. Rd2+ Ke6 38. Re2 1/2-1/2

[Event "Igor Kurnosov Mem Rapid"]
[Site "Chelyabinsk RUS"]
[Date "2016.05.28"]
[Round "10.3"]
[White "Riazantsev, Alexander"]
[Black "Inarkiev, Ernesto"]
[Result "1/2-1/2"]
[WhiteTitle "GM"]
[BlackTitle "GM"]
[WhiteElo "2646"]
[BlackElo "2686"]
[WhiteFideId "4125029"]
[BlackFideId "4162722"]
[EventDate "2016.05.26"]

1. d4 Nf6 2. c4 e6 3. Nc3 Bb4 4. Qc2 O-O 5. a3 Bxc3+ 6. Qxc3 d5 7. e3 b6 8. Nf3
c5 9. b3 Ba6 10. Be2 cxd4 11. exd4 Nbd7 12. O-O Rc8 13. Nd2 dxc4 14. bxc4 e5 15.
dxe5 Nxe5 16. Bb2 Re8 17. a4 Qd7 18. Rfe1 Rcd8 19. Bf1 Nd3 20. Rxe8+ Nxe8 21.
Nf3 Nxb2 22. Qxb2 Qc7 23. a5 1/2-1/2

[Event "Igor Kurnosov Mem Rapid"]
[Site "Chelyabinsk RUS"]
[Date "2016.05.28"]
[Round "10.4"]
[White "Maletin, Pavel"]
[Black "Movsesian, Sergei"]
[Result "1/2-1/2"]
[WhiteTitle "GM"]
[BlackTitle "GM"]
[WhiteElo "2580"]
[BlackElo "2660"]
[WhiteFideId "4146786"]
[BlackFideId "310204"]
[EventDate "2016.05.26"]

1. Nf3 d5 2. g3 c6 3. Bg2 Bg4 4. c4 e6 5. O-O Nf6 6. d3 Nbd7 7. cxd5 exd5 8. Nc3
Bc5 9. Qb3 Bb6 10. Na4 O-O 11. Nxb6 axb6 12. Qc2 Re8 13. b3 Nc5 14. Bb2 Qd6 15.
h3 Bxf3 16. Bxf3 d4 17. Qd2 Ne6 18. Rfe1 Nd5 19. Kg2 h6 20. h4 Re7 21. a3 c5 22.
b4 Rae8 23. bxc5 bxc5 24. a4 Nd8 25. a5 Nc6 26. a6 bxa6 27. Rxa6 Ndb4 28. Raa1
Ne5 29. Be4 Qd7 30. Rac1 Qb5 31. Rb1 Qd7 32. Rec1 Qd6 33. Ba3 Nec6 34. Qf4 Re5
35. Qf3 Ne7 36. Rc4 Rb8 37. Qf4 Ned5 38. Bxd5 Qxd5+ 39. Qf3 Qd6 40. Kg1 Ree8 41.
Rbc1 Qa6 42. Bxb4 cxb4 43. Rxd4 b3 44. Rd7 Qe6 45. Rb7 b2 46. Rb1 Rxb7 47. Qxb7
Qxe2 48. Qxb2 Qxd3 49. Rf1 Qf3 50. Qd2 Re2 51. Qd4 Kh7 52. Qc5 Qe4 53. Qc8 f5
54. Qc7 Rc2 55. Qd6 Rc6 56. Qd2 Rg6 57. Re1 Qxh4 58. Qd3 Qf6 59. Qd5 Qf8 60. Ra1
Rd6 61. Qe5 Rd7 62. Ra5 g6 63. Kh2 h5 64. Ra6 f4 65. gxf4 Rf7 66. Qg5 Qg7 67.
Re6 Rf5 68. Qh4 Qd4 69. Kg3 Qc3+ 70. Re3 Qa1 71. Kg2 1/2-1/2

[Event "Igor Kurnosov Mem Rapid"]
[Site "Chelyabinsk RUS"]
[Date "2016.05.28"]
[Round "10.5"]
[White "Khismatullin, Denis"]
[Black "Shcherbakov, Ruslan"]
[Result "0-1"]
[WhiteTitle "GM"]
[BlackTitle "GM"]
[WhiteElo "2609"]
[BlackElo "2492"]
[WhiteFideId "4142578"]
[BlackFideId "4102240"]
[EventDate "2016.05.26"]

1. Nf3 c5 2. b3 b6 3. Bb2 Bb7 4. g3 Bxf3 5. exf3 Nc6 6. f4 e6 7. Bg2 Nge7 8. O-O
Nf5 9. Be4 Nfd4 10. c3 d5 11. cxd4 dxe4 12. dxc5 Bxc5 13. Bxg7 Rg8 14. Bb2 Qd3
15. Kg2 O-O-O 16. Bf6 Rd5 17. Nc3 Rf5 18. Bg5 Nd4 19. Qh5 Nf3 20. Qxh7 Re8 21.
b4 Bd4 22. Rac1 Kb8 23. h4 Rh8 24. Qxh8+ Bxh8 25. Nd1 0-1

[Event "Igor Kurnosov Mem Rapid"]
[Site "Chelyabinsk RUS"]
[Date "2016.05.28"]
[Round "10.6"]
[White "Zvjaginsev, Vadim"]
[Black "Khusnutdinov, Rustam"]
[Result "0-1"]
[WhiteTitle "GM"]
[BlackTitle "GM"]
[WhiteElo "2672"]
[BlackElo "2487"]
[WhiteFideId "4113403"]
[BlackFideId "13701703"]
[EventDate "2016.05.26"]

1. e4 e6 2. d3 c5 3. Nf3 Nc6 4. Nbd2 g6 5. c3 Bg7 6. Nb3 d6 7. d4 Nf6 8. Bd3
cxd4 9. cxd4 O-O 10. O-O e5 11. h3 d5 12. exd5 Nxd4 13. Nbxd4 exd4 14. Bc4 Nxd5
15. Bg5 Qa5 16. Qb3 Be6 17. Rfd1 Rac8 18. Nxd4 Bxd4 19. Rxd4 Rxc4 20. Bd2 Nc3
21. Bxc3 Rxd4 22. Qxe6 fxe6 23. Bxa5 Rd5 24. Bc3 Rfd8 25. Kf1 Rd1+ 26. Rxd1
Rxd1+ 27. Ke2 Rd5 28. h4 Kf7 29. Ke3 Ke7 30. Ke4 Kd6 31. Bd4 Ra5 32. a3 Ra4 33.
f4 h5 34. g3 a6 35. Ke3 Kd5 36. Bc3 Re4+ 37. Kf3 Rc4 38. g4 Rc5 39. gxh5 gxh5
40. Ke3 Kc4 41. Ke4 Rd5 42. Bh8 Kc5 43. Bc3 Kc6 44. Bd4 Kd7 45. Be5 Rd1 46. Bc3
Ke7 0-1

[Event "Igor Kurnosov Mem Rapid"]
[Site "Chelyabinsk RUS"]
[Date "2016.05.28"]
[Round "10.7"]
[White "Kosyrev, Vladimir"]
[Black "Shomoev, Anton"]
[Result "1/2-1/2"]
[WhiteTitle "GM"]
[BlackTitle "GM"]
[WhiteElo "2520"]
[BlackElo "2553"]
[WhiteFideId "4122259"]
[BlackFideId "4135148"]
[EventDate "2016.05.26"]

1. d4 d5 2. c4 dxc4 3. e3 e5 4. Bxc4 Nc6 5. Nf3 e4 6. Nfd2 Qg5 7. g3 Nf6 8. Nc3
Bb4 9. a3 Bxc3 10. bxc3 O-O 11. h4 Qa5 12. Bb2 Bg4 13. Be2 Qf5 14. c4 h5 15. Bc3
b6 16. Rb1 a6 17. Bxg4 Nxg4 18. Qe2 Rfe8 19. Kf1 Rad8 20. Kg2 Rd6 21. a4 Rg6 22.
Rhf1 Rd6 23. Rh1 Rf6 24. Rbf1 Ne7 25. d5 Rd6 26. a5 b5 27. Bb4 Rdd8 28. Bxe7
Rxe7 29. cxb5 Qxd5 30. Rd1 Qxb5 31. Qxb5 axb5 32. Nb3 Ra8 33. Rd5 c6 34. Rxh5
Ne5 35. Rf5 Nd3 36. h5 b4 37. Ra1 Rea7 38. g4 c5 39. Nxc5 Rxa5 40. Nxd3 Rxa1 41.
Nxb4 Rb1 42. Nc2 Rc8 43. Nd4 Rcc1 44. Ne2 Rc4 45. Rf4 Rb8 46. Nd4 Re8 47. Nf5
Rc6 48. Ng3 Rce6 49. Kf1 1/2-1/2

[Event "Igor Kurnosov Mem Rapid"]
[Site "Chelyabinsk RUS"]
[Date "2016.05.28"]
[Round "10.8"]
[White "Yuffa, Daniil"]
[Black "Potapov, Pavel"]
[Result "1/2-1/2"]
[WhiteTitle "IM"]
[BlackTitle "GM"]
[WhiteElo "2503"]
[BlackElo "2485"]
[WhiteFideId "24131423"]
[BlackFideId "4169786"]
[EventDate "2016.05.26"]

1. Nf3 f5 2. d3 Nc6 3. d4 e6 4. g3 Nf6 5. Bg2 Be7 6. O-O O-O 7. c4 d5 8. Qc2 Ne4
9. Nc3 Bf6 10. e3 g5 11. Ne1 Ne7 12. cxd5 exd5 13. f3 Nd6 14. Nd3 c6 15. b3 Bg7
16. Ne5 Ng6 17. f4 Ne4 18. Ba3 Re8 19. Nxe4 fxe4 20. Qe2 Nxe5 21. fxe5 g4 22.
Rf2 Be6 23. Raf1 Qd7 24. Bd6 Bf8 25. Bxf8 Rxf8 26. Rf6 Rxf6 27. Rxf6 Rf8 28. Qf2
Rxf6 29. Qxf6 Qf7 30. Qg5+ Qg7 31. Qd8+ Qf8 32. Qc7 Qb4 33. Qd8+ Qf8 34. Qa5 a6
35. Bf1 Qf3 36. Qd2 h5 37. Be2 Qf8 38. Qa5 Qe7 39. Qb6 Bc8 40. Qa7 Qg5 41. Kf2
h4 42. Qb8 Qf5+ 43. Ke1 hxg3 44. hxg3 Kf7 45. Qd6 Qd7 46. Qf6+ Ke8 47. Kd2 Qe6
48. Qg7 Kd8 49. Kc3 Qe7 50. Qg8+ Qe8 51. Qg7 Qe7 52. Qg8+ Qe8 53. Qg5+ Qe7 54.
Qf4 Qa3 55. Qf6+ 1/2-1/2

[Event "Igor Kurnosov Mem Rapid"]
[Site "Chelyabinsk RUS"]
[Date "2016.05.28"]
[Round "10.9"]
[White "Lysyj, Igor"]
[Black "Bezgodov, Alexei"]
[Result "1-0"]
[WhiteTitle "GM"]
[BlackTitle "GM"]
[WhiteElo "2668"]
[BlackElo "2512"]
[WhiteFideId "4150120"]
[BlackFideId "4105257"]
[EventDate "2016.05.26"]

1. Nf3 d5 2. g3 c6 3. Bg2 Bf5 4. c4 e6 5. cxd5 exd5 6. O-O Nf6 7. d3 Bc5 8. Qc2
Nbd7 9. Nc3 O-O 10. e4 Bg4 11. h3 Bxf3 12. Bxf3 Rc8 13. Bf4 Bd4 14. Rad1 Re8 15.
Ne2 Bb6 16. Bg2 Qe7 17. g4 Ne5 18. Ng3 Bc7 19. Bg5 h6 20. Nf5 Qe6 21. Bxf6 Qxf6
22. f4 Ng6 23. e5 Qd8 24. d4 Nh4 25. Qf2 Nxf5 26. gxf5 Qd7 27. Qc2 Bb6 28. Kh2
c5 29. dxc5 Rxc5 30. Qd3 Qe7 31. Bxd5 Kh8 32. Bb3 Bc7 33. Rfe1 Rd8 34. Qf3 Qh4
35. Rxd8+ Bxd8 36. Rd1 Qe7 37. Bxf7 Rc2+ 38. Kh1 Bb6 39. Bb3 Rc8 40. Qg4 Rd8 41.
Rxd8+ Qxd8 42. f6 gxf6 43. exf6 1-0

[Event "Igor Kurnosov Mem Rapid"]
[Site "Chelyabinsk RUS"]
[Date "2016.05.28"]
[Round "10.10"]
[White "Bashkov, Viacheslav"]
[Black "Bocharov, Dmitry"]
[Result "0-1"]
[WhiteTitle "IM"]
[BlackTitle "GM"]
[WhiteElo "2256"]
[BlackElo "2597"]
[WhiteFideId "4113055"]
[BlackFideId "4138716"]
[EventDate "2016.05.26"]

1. e4 g6 2. d4 Bg7 3. Nc3 d6 4. g3 Nf6 5. Bg2 O-O 6. Nge2 Nbd7 7. O-O c5 8. h3
Rb8 9. a4 b6 10. Be3 cxd4 11. Nxd4 Bb7 12. Nd5 Nc5 13. Nxf6+ Bxf6 14. Bh6 Re8
15. Re1 Qd7 16. c3 Rbc8 17. Kh2 Ba6 18. f4 Bb7 19. h4 Rcd8 20. Nc2 e5 21. Bg5
Qe7 22. Nb4 exf4 23. gxf4 h6 24. Bxh6 Bxh4 25. Nd5 Bxd5 26. Qxd5 Bxe1 27. Bg5
Qe6 28. Bxd8 Qxd5 29. exd5 Bd2 30. Bg5 Kg7 31. Rd1 Re2 32. Kg3 f6 33. Bh4 Nd3
34. Bf1 Bxf4+ 35. Kf3 Re3+ 36. Kg2 Nxb2 37. Ra1 Rxc3 38. a5 g5 39. Bf2 Rc2 40.
axb6 axb6 41. Kf3 Be5 42. Ra7+ Kg6 43. Bxb6 f5 44. Bb5 g4+ 45. Ke3 Nc4+ 46. Bxc4
Rxc4 47. Rd7 Rb4 48. Bd8 f4+ 49. Ke2 Kf5 50. Be7 Rb2+ 51. Kf1 f3 52. Bxd6 Bxd6
53. Rxd6 g3 0-1

[Event "Igor Kurnosov Mem Rapid"]
[Site "Chelyabinsk RUS"]
[Date "2016.05.28"]
[Round "11.1"]
[White "Grischuk, Alexander"]
[Black "Rublevsky, Sergei"]
[Result "1/2-1/2"]
[WhiteTitle "GM"]
[BlackTitle "GM"]
[WhiteElo "2752"]
[BlackElo "2692"]
[WhiteFideId "4126025"]
[BlackFideId "4115309"]
[EventDate "2016.05.26"]

1. d4 d5 2. Nf3 Nf6 3. c4 c6 4. e3 a6 5. Nc3 Bf5 6. Qb3 Ra7 7. Nh4 Bc8 8. Nf3
Bf5 9. Nh4 Bc8 10. Nf3 Bf5 1/2-1/2

[Event "Igor Kurnosov Mem Rapid"]
[Site "Chelyabinsk RUS"]
[Date "2016.05.28"]
[Round "11.2"]
[White "Movsesian, Sergei"]
[Black "Smirnov, Pavel"]
[Result "1/2-1/2"]
[WhiteTitle "GM"]
[BlackTitle "GM"]
[WhiteElo "2660"]
[BlackElo "2564"]
[WhiteFideId "310204"]
[BlackFideId "4123425"]
[EventDate "2016.05.26"]

1. c4 e6 2. Nf3 d5 3. g3 Nf6 4. b3 Be7 5. Bg2 O-O 6. O-O c5 7. e3 Nc6 8. Qe2 e5
9. cxd5 Qxd5 10. Nc3 Qd6 11. Ng5 Bf5 12. Nge4 Nxe4 13. Nxe4 Qd7 14. Bb2 Rad8 15.
Rfd1 1/2-1/2

[Event "Igor Kurnosov Mem Rapid"]
[Site "Chelyabinsk RUS"]
[Date "2016.05.28"]
[Round "11.3"]
[White "Inarkiev, Ernesto"]
[Black "Yudin, Sergei"]
[Result "1/2-1/2"]
[WhiteTitle "GM"]
[BlackTitle "GM"]
[WhiteElo "2686"]
[BlackElo "2530"]
[WhiteFideId "4162722"]
[BlackFideId "4159659"]
[EventDate "2016.05.26"]

1. d4 d5 2. c4 e6 3. Nf3 c6 4. e3 Bd6 5. Bd3 f5 6. O-O Nf6 7. b3 Qe7 8. a4 a5 9.
Ba3 Bxa3 10. Nxa3 O-O 11. Nc2 b6 12. Ne5 Bb7 13. cxd5 Nxd5 14. Na3 Na6 15. Bxa6
Bxa6 16. Nac4 Rac8 17. Nd3 Rfd8 18. Qe1 Bxc4 19. bxc4 Nb4 20. Nxb4 axb4 21. a5
bxa5 22. Rxa5 Ra8 23. Qa1 Qb7 24. Rb1 b3 25. h3 Rdb8 26. Rb2 h6 27. Qa3 Rxa5 28.
Qxa5 Kf7 29. Qa4 Kf6 30. Kf1 Qb4 31. Qxb4 Rxb4 32. Ke2 Rxc4 33. Kd3 Rc1 34. Rxb3
c5 35. Kd2 Rc4 36. Rc3 Rxc3 37. Kxc3 cxd4+ 38. Kxd4 Ke7 39. Ke5 Kd7 40. h4 Ke7
41. h5 Kd7 42. e4 fxe4 43. Kxe4 Kd6 44. f4 Ke7 45. Ke5 Kd7 46. g4 Ke7 47. g5
hxg5 48. fxg5 Kf7 49. Kd6 e5 50. Kxe5 Ke7 51. Kd5 Kf7 52. Kd6 Kf8 53. Ke6 Ke8
54. Kd6 Kf7 55. Kd7 Kf8 56. Ke6 Ke8 57. Kf5 Kf7 58. Ke5 Kf8 59. Ke6 Ke8 60. g6
Kf8 61. Kd7 Kg8 62. Ke7 Kh8 63. h6 Kg8 64. Ke6 gxh6 65. Kf6 h5 66. Kg5 Kg7 67.
Kxh5 Kg8 68. Kg5 Kg7 69. Kf5 Kg8 70. Kf6 Kf8 71. g7+ Kg8 1/2-1/2

[Event "Igor Kurnosov Mem Rapid"]
[Site "Chelyabinsk RUS"]
[Date "2016.05.28"]
[Round "11.4"]
[White "Shcherbakov, Ruslan"]
[Black "Riazantsev, Alexander"]
[Result "0-1"]
[WhiteTitle "GM"]
[BlackTitle "GM"]
[WhiteElo "2492"]
[BlackElo "2646"]
[WhiteFideId "4102240"]
[BlackFideId "4125029"]
[EventDate "2016.05.26"]

1. e4 c6 2. d4 d5 3. Nc3 dxe4 4. Nxe4 Bf5 5. Ng3 Bg6 6. Bc4 e6 7. N1e2 Bd6 8. h4
h6 9. Nf4 Bxf4 10. Bxf4 Nf6 11. h5 Bh7 12. Qe2 Nd5 13. Be5 O-O 14. Ne4 Nd7 15.
Bg3 Qa5+ 16. Kf1 Qb6 17. Bb3 Qxd4 18. Rh4 Qxb2 19. Re1 Bxe4 20. Qxe4 Nc5 21. Qg4
f5 22. Qe2 Qf6 23. Rc4 f4 24. Rxc5 fxg3 25. Qxe6+ Qxe6 26. Rxe6 Rxf2+ 27. Kg1
Raf8 28. Re1 Kh7 29. Bxd5 cxd5 30. Rc3 R8f5 31. Rxg3 Rxc2 32. Re7 Rc1+ 0-1

[Event "Igor Kurnosov Mem Rapid"]
[Site "Chelyabinsk RUS"]
[Date "2016.05.28"]
[Round "11.6"]
[White "Gunina, Valentina"]
[Black "Lysyj, Igor"]
[Result "0-1"]
[WhiteTitle "GM"]
[BlackTitle "GM"]
[WhiteElo "2497"]
[BlackElo "2668"]
[WhiteFideId "4167570"]
[BlackFideId "4150120"]
[EventDate "2016.05.26"]

1. d4 Nf6 2. c4 e6 3. Nf3 b6 4. g3 Bb7 5. Bg2 Be7 6. O-O O-O 7. Re1 Na6 8. Ne5
Bxg2 9. Kxg2 c5 10. d5 Qc7 11. Nf3 Ne4 12. Bf4 Qb7 13. a3 Bf6 14. Qd3 exd5 15.
cxd5 Rfe8 16. Nc3 c4 17. Qxc4 Nxc3 18. bxc3 Rac8 19. Qd3 Bxc3 20. Ng5 g6 21. Ne4
Nc5 22. Qxc3 Nxe4 23. Qd4 Rc5 24. Rad1 f5 25. Bc1 Nc3 26. Bb2 Rxd5 27. Qc4 Rc8
28. Qb3 Nxd1 29. Rxd1 Rc5 30. e4 fxe4 31. Ba1 e3 32. fxe3 Kf8 33. Rf1+ Rf5+ 0-1

[Event "Igor Kurnosov Mem Rapid"]
[Site "Chelyabinsk RUS"]
[Date "2016.05.28"]
[Round "11.7"]
[White "Bocharov, Dmitry"]
[Black "Yuffa, Daniil"]
[Result "1-0"]
[WhiteTitle "GM"]
[BlackTitle "IM"]
[WhiteElo "2597"]
[BlackElo "2503"]
[WhiteFideId "4138716"]
[BlackFideId "24131423"]
[EventDate "2016.05.26"]

1. c4 Nf6 2. Nc3 g6 3. g3 Bg7 4. Bg2 O-O 5. d4 c5 6. Nf3 cxd4 7. Nxd4 Nc6 8. Nc2
d6 9. b3 Qa5 10. Bd2 Qh5 11. h3 Nd7 12. Rc1 Nde5 13. Nd5 e6 14. Nf4 Qf5 15. O-O
a5 16. Ne3 Qf6 17. Bc3 Qe7 18. Qd2 Rd8 19. Rfd1 h5 20. h4 Qc7 21. Nc2 a4 22. Nd4
Nxd4 23. Bxd4 axb3 24. axb3 Bd7 25. Qb2 Ra6 26. Rc2 Rda8 27. Qc3 Ra2 28. Rxa2
Rxa2 29. c5 Bc6 30. cxd6 Qxd6 31. Qc1 Bxg2 32. Kxg2 Qc6+ 33. Qxc6 bxc6 34. Rc1
Ng4 35. Bxg7 Kxg7 36. f3 Ne3+ 37. Kf2 Nc2 38. Nd3 Nd4 39. Re1 Rc2 40. b4 Rc4 41.
Rd1 Nf5 42. Ne5 Rxb4 43. Rd7 Nh6 44. Nxc6 Rb6 45. Ne5 Rb5 46. Nc4 Kf8 47. Rc7
Rd5 48. e4 Rb5 49. Ke3 Rb1 50. Ne5 Rb5 51. Kf4 Kg7 52. Ra7 Rc5 53. Rd7 Rb5 54.
Rc7 Ra5 55. Nc4 Ra1 56. Nd6 Ra6 57. Rd7 Kf6 58. Ne8# 1-0

[Event "Igor Kurnosov Mem Rapid"]
[Site "Chelyabinsk RUS"]
[Date "2016.05.28"]
[Round "11.8"]
[White "Shomoev, Anton"]
[Black "Gutenev, Alexander"]
[Result "1-0"]
[WhiteTitle "GM"]
[BlackTitle "FM"]
[WhiteElo "2553"]
[BlackElo "2398"]
[WhiteFideId "4135148"]
[BlackFideId "4195540"]
[EventDate "2016.05.26"]

1. e4 c5 2. Nf3 Nc6 3. d4 cxd4 4. Nxd4 Nf6 5. Nc3 d6 6. Bg5 e6 7. Qd2 a6 8.
O-O-O Bd7 9. f4 h6 10. Bh4 b5 11. Bxf6 gxf6 12. Kb1 Qb6 13. Nxc6 Bxc6 14. f5 b4
15. Ne2 e5 16. Ng3 h5 17. Bc4 Rd8 18. Qe2 h4 19. Nh5 Ke7 20. g4 Bh6 21. Bxa6 d5
22. exd5 Bxd5 23. Rhe1 Bxa2+ 24. Kxa2 Ra8 25. Kb3 Rxa6 26. Rd5 Qc6 27. Qb5 Rc8
28. Qxb4+ 1-0

[Event "Igor Kurnosov Mem Rapid"]
[Site "Chelyabinsk RUS"]
[Date "2016.05.28"]
[Round "11.9"]
[White "Potapov, Pavel"]
[Black "Kosyrev, Vladimir"]
[Result "1/2-1/2"]
[WhiteTitle "GM"]
[BlackTitle "GM"]
[WhiteElo "2485"]
[BlackElo "2520"]
[WhiteFideId "4169786"]
[BlackFideId "4122259"]
[EventDate "2016.05.26"]

1. e4 e6 2. d4 d5 3. e5 c5 4. c3 Qb6 5. Nf3 Nc6 6. a3 c4 7. Nbd2 Na5 8. g3 Bd7
9. Bg2 Ne7 10. O-O Nec6 11. Ne1 Be7 12. f4 O-O-O 13. Rb1 f6 14. Kh1 1/2-1/2

[Event "Igor Kurnosov Mem Rapid"]
[Site "Chelyabinsk RUS"]
[Date "2016.05.28"]
[Round "11.10"]
[White "Looshnikov, Nikolai"]
[Black "Ponkratov, Pavel"]
[Result "1-0"]
[WhiteTitle "IM"]
[BlackTitle "GM"]
[WhiteElo "2463"]
[BlackElo "2595"]
[WhiteFideId "4150104"]
[BlackFideId "4157800"]
[EventDate "2016.05.26"]

1. e4 g6 2. d4 Bg7 3. Nc3 d5 4. Nxd5 c6 5. Ne3 Qxd4 6. Qxd4 Bxd4 7. c3 Bg7 8.
Nc4 Nf6 9. f3 Be6 10. a4 Na6 11. Be3 Nd7 12. Kd2 f5 13. Nh3 h6 14. Nf2 O-O 15.
Kc2 b6 16. Be2 Nac5 17. b4 Nb7 18. a5 f4 19. Bd4 c5 20. Bxg7 Kxg7 21. axb6 axb6
22. Kb2 b5 23. Na3 cxb4 24. cxb4 Ra4 25. Nd3 Nd6 26. Nc5 Nxc5 27. bxc5 Rb4+ 28.
Kc3 Rb3+ 29. Kd2 Rb2+ 30. Ke1 Nc4 31. Nxc4 Bxc4 32. Bxc4 bxc4 33. Rc1 Ra8 34. g3
fxg3 35. hxg3 Ra5 36. c6 Rc5 37. Rf1 Rxc6 38. Rf2 c3 39. Rfc2 Rxc2 40. Rxc2 h5
41. f4 e5 42. fxe5 Rc4 43. Kf2 g5 44. Ke3 Rc7 45. Kd3 Kg6 46. Rc1 c2 47. Kd2 Rc8
48. e6 Rc7 49. e7 Rxe7 50. Rxc2 Rxe4 51. Rc5 1-0